Alfabet (sprint) z Yellowboxem - Statystyki

Ogólne statystyki
  • Ten quiz został rozwiązany 31 razy
  • Średni wynik to 22 z 26
Statystyki odpowiedzi
% Poprawnych
# A
100%
# B
100%
# C
100%
# D
100%
# E
100%
# F
100%
# G
100%
# H
100%
# I
93%
# J
93%
# K
93%
# L
93%
# M
93%
# N
93%
# O
93%
# P
93%
# Q
79%
# R
79%
# S
79%
# T
79%
# U
79%
# W
57%
# V
50%
# X
43%
# Y
43%
# Z
43%
Nie znaleziono quizów pasujących do podanych kryteriów
Rozkład punktacji
Procent ludzi z każdym wynikiem
Percentyl według liczby udzielonych odpowiedzi
Twoja historia wyników
Nie rozwiązałeś tego quizu